| 000 | 02254 a2200277 4500 | ||
|---|---|---|---|
| 005 | 20081111152340.0 | ||
| 008 | 081111t xxu||||| |||| 00| 0 hin d | ||
| 010 | _aB-306620-626 | ||
| 020 |
_a8184191944 _c75.00 |
||
| 035 | _aB-306620-626 | ||
| 082 | _a615.8312 | ||
| 100 | _aटैड एण्ड्रयूज | ||
| 245 |
_aकैसे करें रंगो से उपचार ? / _cटैड एण्ड्रयूज |
||
| 260 |
_aनई दिल्ली _bफ्यूजन बुक्स _c2007 |
||
| 270 |
_ax-30, ओखला इंडस्ट्रियल एरिया, फेज-II _bनई दिल्ली _e110020 _cनई दिल्ली |
||
| 300 |
_a136पृ _c22 सेमी (अजिल्द) |
||
| 942 |
_adpl _cHN _k/ टैडए _2ddc _h615.8312 _mटैडए |
||
| 999 |
_c12657 _d12657 |
||